000 00769nam a2200253 i 4500
003 DO-SdBNP
005 20240626144837.0
007 ta
008 240626b1983 mx ||||| |||| 00| 0 spa d
020 _a968131381X
040 _aDO-SdBNP
_bspa
_cBNPHU
_erda
082 4 _222
100 1 _aFollett, Ken,
_d1949-
_913022
_eautor
245 1 3 _aEl hombre de San Petersburgo /
_cKen Follett ; traductor, Jorge V. García Damiano
264 _aMéxico :
_bEdivisión,
_c1983.
300 _a270 páginas ;
_c23 cm.
336 _2rdacontent
_atexto
_btxt
337 _2rdamedia
_asin mediación
_bn
338 _2rdacarrier
_avolumen
_bnc
590 _aInventariado, 2024/BT
700 _aGarcía Damiano, Jorge V.,
_etraductor
_985846
910 _aBtavárez
942 _2ddc
_cLBS1
999 _c57022
_d57022